<?xml version="1.0" encoding="UTF-8"?><?xml-stylesheet type="text/xsl" href="static/style.xsl"?><OAI-PMH xmlns="http://www.openarchives.org/OAI/2.0/" xmlns:xsi="http://www.w3.org/2001/XMLSchema-instance" xsi:schemaLocation="http://www.openarchives.org/OAI/2.0/ http://www.openarchives.org/OAI/2.0/OAI-PMH.xsd"><responseDate>2026-04-17T17:29:28Z</responseDate><request verb="GetRecord" identifier="oai:www.recercat.cat:2445/121566" metadataPrefix="marc">https://recercat.cat/oai/request</request><GetRecord><record><header><identifier>oai:recercat.cat:2445/121566</identifier><datestamp>2025-12-05T09:25:06Z</datestamp><setSpec>com_2072_1057</setSpec><setSpec>col_2072_478799</setSpec><setSpec>col_2072_478917</setSpec></header><metadata><record xmlns="http://www.loc.gov/MARC21/slim" xmlns:dcterms="http://purl.org/dc/terms/" xmlns:xsi="http://www.w3.org/2001/XMLSchema-instance" xmlns:doc="http://www.lyncode.com/xoai" xsi:schemaLocation="http://www.loc.gov/MARC21/slim http://www.loc.gov/standards/marcxml/schema/MARC21slim.xsd">
   <leader>00925njm 22002777a 4500</leader>
   <datafield ind2=" " ind1=" " tag="042">
      <subfield code="a">dc</subfield>
   </datafield>
   <datafield ind2=" " ind1=" " tag="720">
      <subfield code="a">Calvo-Terrades, Mar</subfield>
      <subfield code="e">author</subfield>
   </datafield>
   <datafield ind2=" " ind1=" " tag="720">
      <subfield code="a">Sevilla-Moya, Joan Carles</subfield>
      <subfield code="e">author</subfield>
   </datafield>
   <datafield ind2=" " ind1=" " tag="720">
      <subfield code="a">Javierre Garcés, Casimiro F.</subfield>
      <subfield code="e">author</subfield>
   </datafield>
   <datafield ind2=" " ind1=" " tag="720">
      <subfield code="a">Jiménez González, Rafael</subfield>
      <subfield code="e">author</subfield>
   </datafield>
   <datafield ind2=" " ind1=" " tag="260">
      <subfield code="c">2018-04-16T08:52:03Z</subfield>
   </datafield>
   <datafield ind2=" " ind1=" " tag="260">
      <subfield code="c">2018-04-16T08:52:03Z</subfield>
   </datafield>
   <datafield ind2=" " ind1=" " tag="260">
      <subfield code="c">2011-04</subfield>
   </datafield>
   <datafield ind2=" " ind1=" " tag="260">
      <subfield code="c">2018-04-16T08:52:03Z</subfield>
   </datafield>
   <datafield ind2=" " ind1=" " tag="520">
      <subfield code="a">Fonament. Un dels objectius de la salut pública és la promoció d'un estil de vida actiu. La població infantil és clau, ja que l'activitat física (AF) és necessària per a un creixement saludable; és molt difícil canviar hàbits a partir de l'adolescència i el sedentarisme és factor causal de patologia i d'obesitat infantil. Objectiu. Conèixer les característiques de l'AF realitzada pels nostres escolars, estimar el temps destinat a conductes sedentàries (screen-time) i analitzar la relació entre índex de massa corporal (IMC), AF i screen-time. Mètode. Participants: 329 escolars (medi rural) prèvia obtenció del consentiment informat. Variables estudiades: IMC; AF i screen-time (enquesta de 7 dies i test K13 Plus d'AF). Resultats. Descriptius (mitjana ± DE): edat 7,2 ± 2,6 anys. IMC 17,3 ± 3,2 kg/m2 , Z-score IMC 0,12 ± 1,1. Screentime 59,4 ± 43,4 minuts/dia. Tipus AF (minuts/dia): intensitat lleu 34,7 ± 29,9, moderada 59,07 ± 52, elevada 26,2 ± 27,5. Puntuació test K13 Plus d'AF 5,5 ± 1,9 (puntuació equivalent a regular). Anàlisi correlació: significativa inversa entre IMC i AF de moderada intensitat (coeficient de Pearson -0,130; p = 0,018). Conclusions. En general, els valors mitjans dels infants avaluats corresponen amb els considerats aconsellables actualment, tot i que possiblement cal optimitzar les recomanacions vigents. En la prevenció del sobrepès/obesitat infantil cal considerar la correlació IMC/AF de moderada intensitat. S'han de promoure intervencions adreçades a augmentar el temps d'AF d'intensitat lleu i moderada, i a evitar un augment de l'screen-time. La piràmide d'AF pot ser una bona eina per al consell i ensenyament a les famílies.</subfield>
   </datafield>
   <datafield tag="653" ind2=" " ind1=" ">
      <subfield code="a">Condició física</subfield>
   </datafield>
   <datafield tag="653" ind2=" " ind1=" ">
      <subfield code="a">Educació física</subfield>
   </datafield>
   <datafield tag="653" ind2=" " ind1=" ">
      <subfield code="a">Pes corporal</subfield>
   </datafield>
   <datafield tag="653" ind2=" " ind1=" ">
      <subfield code="a">Salut pública</subfield>
   </datafield>
   <datafield tag="653" ind2=" " ind1=" ">
      <subfield code="a">Obesitat en els infants</subfield>
   </datafield>
   <datafield tag="653" ind2=" " ind1=" ">
      <subfield code="a">Escolars</subfield>
   </datafield>
   <datafield tag="653" ind2=" " ind1=" ">
      <subfield code="a">Physical fitness</subfield>
   </datafield>
   <datafield tag="653" ind2=" " ind1=" ">
      <subfield code="a">Physical education and training</subfield>
   </datafield>
   <datafield tag="653" ind2=" " ind1=" ">
      <subfield code="a">Body weight</subfield>
   </datafield>
   <datafield tag="653" ind2=" " ind1=" ">
      <subfield code="a">Public health</subfield>
   </datafield>
   <datafield tag="653" ind2=" " ind1=" ">
      <subfield code="a">Obesity in children</subfield>
   </datafield>
   <datafield tag="653" ind2=" " ind1=" ">
      <subfield code="a">School children</subfield>
   </datafield>
   <datafield ind2="0" ind1="0" tag="245">
      <subfield code="a">És apropiada l'activitat física que fan els nostres escolars? Existeix correlació entre l'índex de massa corporal i les característiques de l'activitat física desenvolupada?</subfield>
   </datafield>
</record></metadata></record></GetRecord></OAI-PMH>